000 00685nam a2200241 a 4500
001 000017330
003 DO-SdBNP
005 20240530073918.0
008 100322s1999 dr 000 0 spa d
020 _a9768160640
040 _aDO-SdBNP
_bspa
_cBNPHU
082 4 _aRD863.44
_bV422j 1999
_222
100 1 _aVega, Máximo,
_922617
_d1966-
245 1 0 _aJuguete de madera /
_cMáximo Vega.
250 _a2a. ed.
260 _aSanto Domingo :
_bEl Bolsillo,
_c1999.
300 _a58 p.
_c21 cm.
590 _aInventariado, 2020 /LP
650 0 _aNovela dominicana
_9223
650 0 _aLiteratura dominicana.
_967
910 _aValidado. Control de calidad MFF
942 _2ddc
_cLBS1
999 _c16855
_d16855